Thực vật học phần phần loại. /

保存先:
書誌詳細
第一著者: Hoàng Thị Sản.
その他の著者: Phan Nguyên Hồng.
フォーマット: Sách giấy
言語:Vietnamese
出版事項: H. : Giáo dục, 1986.
タグ: タグ追加
タグなし, このレコードへの初めてのタグを付けませんか!
Thư viện lưu trữ: Thư viện Trường Đại học Đà Lạt
LEADER 00672nam a2200277 4500
001 DLU110122975
005 ##20110727
040 # # |a DLU  |b vie 
041 # # |a vie 
044 # # |a vn 
082 # # |a 581.012  |b HO-S 
100 # # |a Hoàng Thị Sản. 
245 # # |a Thực vật học phần phần loại. /  |c Hoàng Thị Sản, Phan Nguyên Hồng. 
260 # # |a H. :  |b Giáo dục,  |c 1986. 
300 # # |a 219 tr. ;  |c 27 cm. 
700 # # |a Phan Nguyên Hồng. 
991 # # |a SH 
992 # # |a 1500 
994 # # |a DLU 
900 # # |a True 
911 # # |a Trương Thị Mỹ Lệ 
925 # # |a G 
926 # # |a A 
927 # # |a SH 
980 # # |a Thư viện Trường Đại học Đà Lạt